| 000 | 00975pam a2200325 a 4500 | ||
|---|---|---|---|
| 001 | 1006322 | ||
| 003 | OSt | ||
| 005 | 20140310181759.0 | ||
| 008 | 871008s1988 vaua b 001 0 eng | ||
| 010 | _a 87029125 | ||
| 020 | _a0809463288 | ||
| 020 | _a0809463296 (lib. bdg.) | ||
| 040 |
_aDLC _cDLC _dDLC |
||
| 050 | 0 | 0 |
_aBF 1461 _b.P535 1991 |
| 082 | 0 | 0 |
_aREF 133 _219 _bM999 1988 |
| 245 | 0 | 0 |
_aPhantom encounters / _cby the editors of Time-Life Books. |
| 260 |
_aAlexandria, Va. : _bTime-Life Books ; _aMorristown, N.J. : _bSchool and library distribution by Silver Burdett, _c1991. |
||
| 300 |
_a144 p. : _bill. (some col.) ; _c29 cm. |
||
| 440 | 0 | _aMysteries of the unknown | |
| 500 | _aIncludes index. | ||
| 504 | _aBibliography: p. 140-141. | ||
| 521 | _a | ||
| 541 | _j1 | ||
| 562 | _e1 | ||
| 650 | 0 | _aApparitions. | |
| 650 | 0 | _aGhosts. | |
| 710 | 2 | _aTime-Life Books. | |
| 906 |
_a7 _bcbc _corignew _d1 _eocip _f19 _gy-gencatlg |
||
| 942 |
_2lcc _cBK-GR |
||
| 999 |
_c3564 _d3564 |
||